[Event "AUTO-OPEN-2021"]
[Site "http://www.queenalice.com/game.php?id=795616"]
[Date "2010.6.27"]
[Round "1"]
[White "BrasCubas"]
[Black "attachui"]
[Result "1-0"]
[WhiteElo "2026"]
[BlackElo "1953"]

1. e4 c5 2. Nf3 d6 3. d4 cxd4 4. Nxd4 Nf6 5. Nc3 a6 6. Bc4 Nbd7 7. a4 e6 8. O-O
Qc7 9. Bb3 Nc5 10. Ba2 Ncxe4 11. Nxe4 Nxe4 12. Re1 Nc5 13. c3 b6 14. b4 Nb7 15.
Bb2 Be7 16. Qg4 O-O 17. Bxe6 fxe6 18. Nxe6 Bxe6 19. Qxe6+ Kh8 20. Qxe7 Rac8 21.
Rad1 h6 22. c4 Rfe8 23. Qxe8+ Rxe8 24. Rxe8+ Kh7 25. Rde1 Qxc4 26. R8e7 Kg6 27.
Rxg7+ Kf5 28. g4+ Kf4 29. Bc1+ 1-0

[Event "AUTO-OPEN-2021"]
[Site "http://www.queenalice.com/game.php?id=795617"]
[Date "2010.6.27"]
[Round "1"]
[White "attachui"]
[Black "BrasCubas"]
[Result "1-0"]
[WhiteElo "1843"]
[BlackElo "2070"]

1. d4 Nf6 2. c4 c5 3. d5 b5 4. cxb5 a6 5. b6 d6 6. Qb3 Bb7 7. Nc3 Nbd7 8. e4 g6
9. a4 Qxb6 10. Bc4 Bg7 11. Nf3 O-O 12. O-O Rfb8 13. Qc2 Qa5 14. Bd2 Ne8 15. Nh4
Ne5 16. Be2 Bf6 17. Nf3 Nxf3+ 18. Bxf3 h5 19. Rae1 Nc7 20. Be2 Bc8 21. f4 Qb6
22. Bc1 a5 23. f5 Kg7 24. fxg6 fxg6 25. Qd2 g5 26. Bxh5 Ba6 27. Rf5 Kh6 28. Rxg5
c4+ 29. Kh1 Rh8 30. Bf7 Qd4 31. Rg6+ Kh5 32. Rh6+ 1-0

[Event "AUTO-OPEN-1925"]
[Site "http://www.queenalice.com/game.php?id=797760"]
[Date "2010.7.2"]
[Round "2"]
[White "Kobayashmiuk"]
[Black "BrasCubas"]
[Result "1/2-1/2"]
[WhiteElo "1622"]
[BlackElo "2073"]

1. c4 e5 2. g3 Nf6 3. Bg2 d5 4. cxd5 Nxd5 5. Nc3 Be6 6. Qb3 Nxc3 7. Qxc3 Nc6 8.
Bxc6+ bxc6 9. Qxc6+ Bd7 10. Qe4 Bd6 11. Nf3 f5 12. Qd5 Rb8 13. Nxe5 Qe7 14. Nxd7
Qxd7 15. O-O c6 16. Qf3 1/2-1/2

[Event "AUTO-OPEN-1925"]
[Site "http://www.queenalice.com/game.php?id=797761"]
[Date "2010.7.2"]
[Round "2"]
[White "BrasCubas"]
[Black "Kobayashmiuk"]
[Result "0-1"]
[WhiteElo "2058"]
[BlackElo "1649"]

1. e4 e6 2. d4 d5 3. Nd2 c5 4. exd5 Qxd5 5. Ngf3 cxd4 6. Bc4 Qd6 7. O-O Nf6 8.
Nb3 Be7 9. Nbxd4 O-O 10. Qe2 Nc6 11. Rd1 Nxd4 12. Nxd4 Rd8 13. Be3 Qe5 14. c3
Bd7 15. h3 Ba4 16. Bb3 Bxb3 17. axb3 Qe4 18. Ra4 a6 19. Nf3 Rxd1+ 20. Qxd1 Qf5
21. Nd4 Rd8 22. Qe2 Qb1+ 23. Kh2 Nd5 24. Rc4 Nxe3 25. fxe3 e5 26. Nf5 Qxf5 27.
Rc7 Bd6 28. Rxb7 e4+ 29. Kg1 Qc8 30. Qxa6 Bg3 0-1

[Event "AUTO-OPEN-1925"]
[Site "http://www.queenalice.com/game.php?id=797764"]
[Date "2010.7.2"]
[Round "2"]
[White "ppeteleco"]
[Black "BrasCubas"]
[Result "1-0"]
[WhiteElo "2465"]
[BlackElo "2045"]

1. e4 c5 2. Nf3 d6 3. Bc4 e6 4. d4 cxd4 5. Nxd4 Nf6 6. Nc3 a6 7. O-O Be7 8. a4
O-O 9. Be3 Qc7 10. Qe2 Nbd7 11. Bxe6 fxe6 12. Nxe6 Qa5 13. Qd2 Re8 14. b4 Qxb4
15. Nc7 Rb8 16. a5 Nc5 17. Nxe8 Nxe8 18. Rfb1 Qc4 19. Nd5 Qxe4 20. Bxc5 dxc5 21.
Re1 Qd4 22. Nxe7+ Kf7 23. Qg5 Qf6 24. Qh5+ g6 25. Qxh7+ Qg7 26. Qh4 Qf6 27. Qh6
Be6 28. Nxg6 Qxg6 29. Qf4+ 1-0

[Event "AUTO-OPEN-1925"]
[Site "http://www.queenalice.com/game.php?id=797765"]
[Date "2010.7.2"]
[Round "2"]
[White "BrasCubas"]
[Black "ppeteleco"]
[Result "0-1"]
[WhiteElo "2028"]
[BlackElo "2474"]

1. e4 e6 2. d4 d5 3. Nd2 dxe4 4. Nxe4 Qd5 5. Nc3 Bb4 6. Nf3 Nf6 7. Bd2 Bxc3 8.
bxc3 O-O 9. Bd3 c5 10. O-O Nc6 11. Be3 c4 12. Be2 Ne4 13. Bd2 b6 14. Re1 Ba6 15.
h4 Qf5 16. Rf1 Rfd8 17. Ng5 Nxd2 18. Qxd2 h6 19. Nf3 e5 20. Rac1 exd4 21. cxd4
c3 22. Qd1 Bxe2 23. Qxe2 Nxd4 24. Nxd4 Rxd4 25. Rfd1 Rxh4 26. Rd3 Qf4 27. Qe3
Qh2+ 28. Kf1 Qh1+ 29. Ke2 Qxg2 30. Rd4 Rxd4 31. Qxd4 Re8+ 32. Kd3 Qf3+ 33. Kc4
Re4 0-1

[Event "AUTO-ADV-1729"]
[Site "http://www.queenalice.com/game.php?id=844309"]
[Date "2010.10.11"]
[Round "2"]
[White "tewald"]
[Black "BrasCubas"]
[Result "1-0"]
[WhiteElo "1864"]
[BlackElo "2076"]

1. e4 c5 2. Nf3 d6 3. c3 Nf6 4. d3 Nc6 5. g3 g6 6. Bg2 Bg7 7. O-O O-O 8. Nbd2
Bg4 9. h3 Bd7 10. Re1 Rc8 11. d4 cxd4 12. cxd4 a6 13. Rb1 Qa5 14. a3 b5 15. Nb3
Qb6 16. Be3 Qc7 17. Nfd2 Rfd8 18. Rc1 Qb8 19. Re2 a5 20. e5 dxe5 21. dxe5 Nxe5
22. Bf4 Nh5 23. Bxe5 Bxe5 24. Rxc8 Bxc8 25. Nxa5 Bd7 26. b4 Bf6 27. Ne4 Bg4 28.
Nxf6+ Nxf6 29. Qc2 Bxe2 30. Qxe2 e6 31. Nc6 Qb6 32. Nxd8 Qxd8 33. Qxb5 Qd1+ 34.
Bf1 Nd5 35. h4 Qd4 36. Qb8+ Kg7 37. Kg2 Qc3 38. b5 Qxa3 39. b6 Qb2 40. b7 Ne3+
41. Kg1 Nxf1 42. Kxf1 Qb1+ 43. Kg2 Qe4+ 44. Kh2 Qf3 45. Qe5+ f6 46. Qc7+ Kh6 47.
Qf4+ 1-0

[Event "AUTO-ADV-1729"]
[Site "http://www.queenalice.com/game.php?id=844310"]
[Date "2010.10.11"]
[Round "2"]
[White "BrasCubas"]
[Black "tewald"]
[Result "1-0"]
[WhiteElo "2070"]
[BlackElo "1832"]

1. c4 e6 2. g3 c5 3. Bg2 Nc6 4. Nc3 Nf6 5. d3 Rb8 6. e4 e5 7. Nge2 Nd4 8. O-O
Be7 9. h3 O-O 10. Be3 b6 11. f4 d6 12. f5 a6 13. g4 h6 14. Ng3 Kh7 15. h4 g5 16.
hxg5 hxg5 17. Kf2 Kg7 18. Rh1 Rh8 19. Bf3 b5 20. b3 Bb7 21. Bxg5 Nxe4+ 22. Bxe4
Bxg5 23. Bxb7 Rxb7 24. Nce4 Bh4 25. Kg2 Bxg3 26. Nxg3 Rxh1 27. Qxh1 Qg5 28. Kh3
Ra7 29. Re1 Qd2 30. Qe4 f6 31. Nh5+ Kf8 32. Nxf6 Qf2 33. Qe3 Qf3+ 34. Qxf3 Nxf3
35. Rf1 Ng5+ 36. Kg2 bxc4 37. dxc4 a5 38. Rd1 Ra6 39. Rh1 Kf7 40. Nh7 Nxh7 41.
Rxh7+ Kf6 42. Kf3 a4 43. Rh6+ Kg7 44. g5 1-0

[Event "AUTO-ADV-1729"]
[Site "http://www.queenalice.com/game.php?id=844311"]
[Date "2010.10.11"]
[Round "2"]
[White "KingHermano"]
[Black "BrasCubas"]
[Result "0-1"]
[WhiteElo "1884"]
[BlackElo "2079"]

1. e4 c6 2. Nf3 d5 3. d3 dxe4 4. dxe4 Qxd1+ 5. Kxd1 Nf6 6. Nc3 Bg4 7. Be2 Nbd7
8. h3 Bh5 9. g4 Bg6 10. Bd3 Nc5 11. Re1 O-O-O 12. Ng5 Nxd3 13. cxd3 h6 14. e5
Rxd3+ 15. Bd2 hxg5 16. exf6 exf6 17. Re8+ Rd8 18. Re3 Bc5 19. Rf3 Rd7 20. Ke2
Rhd8 21. Be3 Bxe3 22. Rxe3 Rd2+ 23. Kf3 Rxb2 24. Kg3 Rdd2 25. Ne4 Bxe4 26. Rxe4
Rxf2 27. Re8+ Kd7 28. Rg8 Rfc2 29. Rxg7 Rc3# 0-1

[Event "AUTO-ADV-1729"]
[Site "http://www.queenalice.com/game.php?id=844312"]
[Date "2010.10.11"]
[Round "2"]
[White "BrasCubas"]
[Black "KingHermano"]
[Result "0-1"]
[WhiteElo "2087"]
[BlackElo "1885"]

1. d4 e6 2. c4 b6 3. Nc3 Bb4 4. Qc2 Bb7 5. f3 f5 6. e3 Nf6 7. Bd3 d6 8. Ne2 Nbd7
9. O-O Bxc3 10. Nxc3 O-O 11. e4 fxe4 12. fxe4 c5 13. d5 exd5 14. exd5 Ne5 15.
Bf5 Nxc4 16. Be6+ Kh8 17. Bg5 h6 18. Bh4 Ne3 19. Qg6 Nxf1 20. Rxf1 Qe8 21. Qc2
Qh5 22. Bg3 Nxd5 23. Rxf8+ Rxf8 24. Bxd6 Ne3 25. Qd3 Rf1+ 26. Qxf1 Nxf1 27. Kxf1
Bxg2+ 28. Kxg2 Qg6+ 0-1

[Event "AUTO-MASTER-1106"]
[Site "http://www.queenalice.com/game.php?id=854931"]
[Date "2010.11.5"]
[Round "2"]
[White "DenisDiaz"]
[Black "BrasCubas"]
[Result "0-1"]
[WhiteElo "2073"]
[BlackElo "2063"]

1. d4 Nf6 2. c4 c5 3. Nf3 cxd4 4. Nxd4 Nc6 5. Nc3 g6 6. b3 Bg7 7. Nxc6 bxc6 8.
Bb2 O-O 9. g3 d5 10. Bg2 e6 11. cxd5 cxd5 12. O-O Ba6 13. Re1 Rc8 14. Rc1 Qa5
15. Qd2 Rfd8 16. Rc2 Rd6 17. Rec1 Rdc6 18. e3 Nd7 19. a3 Ne5 20. b4 Qb6 21. Na4
Qb5 22. Rxc6 Rxc6 23. Rxc6 Qxc6 24. Nc5 Nc4 0-1

[Event "AUTO-MASTER-1106"]
[Site "http://www.queenalice.com/game.php?id=854932"]
[Date "2010.11.5"]
[Round "2"]
[White "BrasCubas"]
[Black "DenisDiaz"]
[Result "0-1"]
[WhiteElo "2052"]
[BlackElo "2003"]

1. e4 c5 2. Nf3 d6 3. d4 cxd4 4. Nxd4 Nc6 5. Nc3 a6 6. Be2 Bd7 7. O-O g6 8. a4
Bg7 9. Be3 Nf6 10. Qd2 Qc7 11. Kh1 O-O 12. f4 e6 13. Bf3 e5 14. Nb3 Rfc8 15.
Rad1 Bf8 16. h3 Nb4 17. g4 Kg7 18. g5 Ne8 19. h4 a5 20. Qh2 Ra6 21. h5 Kg8 22.
hxg6 fxg6 23. Kg2 Nxc2 24. Bc1 Be6 25. Nd5 Qg7 26. Rh1 Bxd5 27. Rxd5 Nb4 28.
fxe5 Nxd5 29. exd5 Rc2+ 0-1

[Event "AUTO-ADV-1735"]
[Site "http://www.queenalice.com/game.php?id=855685"]
[Date "2010.11.6"]
[Round "2"]
[White "FabianoSales"]
[Black "BrasCubas"]
[Result "1-0"]
[WhiteElo "2251"]
[BlackElo "2034"]

1. d4 Nf6 2. Bg5 d5 3. e3 Bf5 4. Nc3 e6 5. a3 Be7 6. h3 Nbd7 7. Nf3 O-O 8. Be2
c5 9. g4 Be4 10. O-O c4 11. Bxf6 Nxf6 12. Ne5 h6 13. Nxe4 Nxe4 14. Bf3 Nd6 15.
Bg2 Qb6 16. Nd7 Qxb2 17. Nxf8 Bxf8 18. Qd2 Qb6 19. a4 Qc7 20. a5 Rb8 21. Rab1 c3
22. Qd3 Qxa5 23. Ra1 Qb5 24. Qxc3 Rc8 25. Qd3 Qxd3 26. cxd3 Nb5 27. Rfb1 a6 28.
Kf1 Rc2 29. e4 g5 30. exd5 exd5 31. Bxd5 Nc3 32. Bb3 Rd2 33. Bxf7+ Kxf7 34.
Rxb7+ Ke6 35. Rxa6+ Bd6 36. Rbb6 Rxd3 37. Rxd6+ 1-0

[Event "AUTO-ADV-1735"]
[Site "http://www.queenalice.com/game.php?id=855686"]
[Date "2010.11.6"]
[Round "2"]
[White "BrasCubas"]
[Black "FabianoSales"]
[Result "0-1"]
[WhiteElo "2079"]
[BlackElo "2261"]

1. c4 e5 2. Nc3 Bb4 3. Nf3 d6 4. Qc2 Nf6 5. d3 h6 6. g3 O-O 7. Bg2 Nc6 8. O-O
Bg4 9. Be3 Re8 10. h3 Be6 11. a3 Bxc3 12. Qxc3 d5 13. Qc2 Qd7 14. Rac1 d4 15.
Bd2 a6 16. b4 Bxh3 17. Kh2 Ng4+ 18. Kg1 Bxg2 19. Kxg2 f5 20. b5 Ne7 21. Qb3 e4
22. Nh2 Ne5 23. a4 axb5 24. cxb5+ Nd5 25. Rc5 Rad8 26. Rfc1 Qe6 27. Qc2 b6 0-1